000 00530nam a2200169Ia 4500
008 090711s9999 xx 000 0 und d
082 _b36594
100 _aगोखले शरSSांद्र दा.
245 _aजगावेगळे जग
260 _c1972
300 _a150
600 _aगोखले शरSSांद्र दा.
630 _aजगावेगळे जग
700 _aगोखले शरSSांद्र दा.
730 _aजगावेगळे जग
942 _cBOOK
999 _c308820
_d308820